| 000 | 00777nam a2200241 i 4500 | ||
|---|---|---|---|
| 001 | C2-0344779 | ||
| 003 | PPAK | ||
| 005 | 20180728145517.0 | ||
| 008 | 180113s2016 ii a|||| ||||| | tam d | ||
| 020 | _a9789383067589 | ||
| 040 |
_aPPAK _beng _cPPAK _erda |
||
| 082 | 0 | 4 |
_a791.43095482 _223 |
| 090 | 0 | 0 |
_a791.43095482 _bNAT _dG |
| 100 | 1 |
_aNath, Surentheren, _eauthor |
|
| 245 | 1 | 0 | _aKanavu kannigal |
| 264 | 1 |
_aChennai, India : _bSixthsense Publications , _c2016 |
|
| 300 |
_a136 pages : _billustrations ; _c22 cm |
||
| 336 |
_2rdacontent _atext |
||
| 337 |
_2rdamedia _aunmediated |
||
| 338 |
_2rdacarrier _avolume |
||
| 650 | 1 | 0 | _aMotion picture actors and actresses - India - Tamil Nadu. ; Motion picture producers and directors - India -Tamil Nadu. |
| 942 |
_ddc _cB |
||
| 999 |
_c141344 _d141344 |
||